Advanced Rugby Trivia - Statistics

General Stats
  • This quiz has been taken 1,714 times
  • The average score is 6 of 9
Answer Stats
Hint Answer % Correct
Number 11 position on the field Wing
97%
How often is the world cup? 4 years
95%
3rd call of the referee at the scrum Set/Pause
91%
1st call of the referee at the scrum Crouch
86%
2nd call of the referee at the scrum Touch
72%
What happens if the ball goes dead from a kick Scrum
69%
Sponsor of the English Rugby Union League Aviva
52%
The captain of New Zealand (correct 3/12/12) Richie McCaw
51%
The line before the try line 5 metre line
36%
No matching quizzes found
Score Distribution
Percent of People with Each Score
Percentile by Number Answered
Your Score History
You have not taken this quiz